| 000 | 00000nam 2200000za 4500 |
| 001 | 9.864947 |
| 003 | CaOODSP |
| 005 | 20221107161700 |
| 007 | cr ||||||||||| |
| 008 | 181120s2018 onc #o f|0| 0 fre d |
| 040 | |aCaOODSP|bfre |
| 043 | |an-cn--- |
| 086 | 1 |aXC16-1/1-421-53F-PDF |
| 110 | 1 |aCanada. |bParlement. |bChambre des communes. |bComité permanent des comptes publics. |
| 245 | 10|aRapport 1, La création et le déploiement du système de paye Phénix, des rapports du printemps 2018 du vérificateur général du Canada |h[ressource électronique] / |cle président, L'hon. Kevin Sorenson. |
| 246 | 30|aCréation et le déploiement du système de paye Phénix, des rapports du printemps 2018 du vérificateur général du Canada |
| 260 | |a[Ottawa] : |bChambre des communes, |c2018. |
| 300 | |av, 27 p. |
| 490 | 1 |aRapport du Comité permanent des comptes publics ; |v53e rapport, 42e législature, 1re session |
| 500 | |aPubl. aussi en anglais sous le titre : Report 1, Building and implementing the Phoenix pay system, of the 2018 Spring reports of the Auditor General of Canada. |
| 500 | |a« Novembre 2018. » |
| 500 | |aDate originale de publication : 2018/11/19; date de publication : 2018/11/20. |
| 504 | |aComprend des références bibliographiques. |
| 520 | |a« À l’automne 2017, le BVG avait préparé un audit de performance sur les problèmes liés à Phénix, dans lequel il avait constaté qu’en juin 2017, les demandes d’intervention de paye en attente s’élevaient à 494500. Les erreurs de paye totalisaient 520 millions de dollars en trop payés ou sous-payés »--Introduction, p. 2. |
| 692 | 07|2gccst|aGouvernement fédéral |
| 692 | 07|2gccst|aVérification |
| 692 | 07|2gccst|aSalaire |
| 700 | 1 |aSorenson, Kevin. |
| 775 | 08|tReport 1, Building and implementing the Phoenix pay system, of the 2018 Spring reports of the Auditor General of Canada |w(CaOODSP)9.864945 |
| 830 | #0|aRapport du Comité permanent des comptes publics ;|v53e rapport, 42e législature, 1re session.|w(CaOODSP)9.501704 |
| 856 | 40|qPDF|s4.10 Mo|uhttps://publications.gc.ca/collections/collection_2018/parl/xc16-1/XC16-1-1-421-53-fra.pdf |